01018 2200265 4500001002100000005001500021035002000036008004100056020001800097041000800115082001100123084001700134100002200151245004000173260004500213300003400258504001400292520029200306650001400598650003600612990002600648990002600674990002600700990002600726INLIS00000000000025220250218070603 a0010-0520000252250218 | | ind  a9789797988722 aind a342.02 a342.02/JIM/M0 aJimly Asshiddiqie1 aMenuju Negara Hukum yang Demokratis aJakarta :bPT Bhuana Ilmu Populer,c2009 aviii, 517 p. ; 23 cm ;c23 cm ap.507-517 aBuku ini memuat berbagai pemikiran dan pandangan Prof.Dr.Jimly Asshiddiqie, S.H., mantan ketua Mahkamah Konstitusi, tentang isu-isu konstitusi, hukum, dan ketatanegaraan, serta masalah-masalah kebangsaan dan keislaman yang ditulis secara kritis, komprehensif, konstekstual, dan visioner. 4aDemokrasi 4aUndang-undang dasar - Indonesia a15952/MKRI-P/XII-2009 a15951/MKRI-P/XII-2009 a15950/MKRI-P/XII-2009 a15949/MKRI-P/XII-2009